000 00553nam a2200181Ia 4500
008 090123s9999 xx 000 0 und d
082 _b20564
_a891.463/काशि
100 _aकाशिकर एस.एम.
245 _aएकच प्रहार
250 _a1
260 _bपुजा प्रकाशन
_c1990
300 _a199
600 _aकाशिकर एस.एम.
630 _aएकच प्रहार
700 _aकाशिकर एस.एम.
730 _aएकच प्रहार
942 _cBOOK
999 _c58635
_d58635